[Event "Montreal Mercredi 08"]
[Site "Montreal"]
[Date "2013.09.11"]
[Round "3"]
[White "Lopez Linares, Cesar"]
[Black "Khudaverdian, Berj"]
[Result "1-0"]
[WhiteElo "1888"]
[BlackElo "1770"]
[PlyCount "51"]
[EventDate "2013.08.28"]
[EventType "swiss"]
[EventRounds "5"]
[EventCountry "CAN"]
[SourceTitle "EXT 2022"]
[Source "ChessBase"]
[SourceDate "2021.10.06"]
[SourceVersion "1"]
[SourceVersionDate "2021.10.06"]
[SourceQuality "1"]

1. d4 Nf6 2. c4 e6 3. Nc3 c5 4. d5 exd5 5. cxd5 d6 6. e4 g6 7. h3 Bg7 8. Nf3 0-0 9. Bd3 Re8 10. 0-0 Na6 11. Bf4 c4 12. Bc2 b5 13. Nxb5 Nxe4 14. Re1 Bf5 15. Qb1 Rb8 16. Nbd4 Nc3 17. Qc1 Rxe1+ 18. Qxe1 Bxd4 19. Nxd4 Qf6 20. Bh6 Bd7 21. Qxc3 g5 22. Nf5 Qxc3 23. bxc3 Nc5 24. Ne7+ Kh8 25. Bxg5 Rb2 26. Bf6# 1-0

[Event "Montreal Mercredi 10"]
[Site "Montreal"]
[Date "2012.10.31"]
[Round "5"]
[White "Lopez Linares, Cesar"]
[Black "Munshi, Shawkat"]
[Result "1-0"]
[WhiteElo "1732"]
[BlackElo "1614"]
[PlyCount "112"]
[EventDate "2012.10.03"]
[EventType "swiss"]
[EventRounds "5"]
[EventCountry "CAN"]
[SourceTitle "EXT 2022"]
[Source "ChessBase"]
[SourceDate "2021.10.06"]
[SourceVersion "1"]
[SourceVersionDate "2021.10.06"]
[SourceQuality "1"]

1. d4 Nf6 2. c4 e6 3. Nc3 d5 4. Bg5 Be7 5. e3 Nbd7 6. Nf3 0-0 7. Rc1 b6 8. cxd5 exd5 9. Bd3 h6 10. Bf4 Bb7 11. h3 c5 12. 0-0 Ne4 13. Qe2 Ndf6 14. Ba6 Bxa6 15. Qxa6 Nxc3 16. Rxc3 Ne4 17. Rc2 Qc8 18. Qb5 Qb7 19. dxc5 Bxc5 20. b4 a6 21. Qd3 Bd6 22. Bxd6 Nxd6 23. Rd2 Ne4 24. Qxd5 Qxd5 25. Rxd5 Nc3 26. Rd2 Rfd8 27. Rc2 Ne4 28. Nd4 Nd6 29. Nc6 Re8 30. Rd1 Re6 31. Nd4 Rf6 32. Rc6 b5 33. Nb3 Ne4 34. Rc2 Re6 35. Kf1 Kf8 36. Na5 g6 37. Rd4 Nf6 38. Ke2 Ke8 39. f3 Rd8 40. Rxd8+ Kxd8 41. Nb7+ Ke7 42. e4 Nd5 43. a3 Nb6 44. Na5 Kd7 45. Ke3 Rd6 46. Rd2 h5 47. f4 f6 48. g4 h4 49. Rd4 Ke7 50. Rxd6 Kxd6 51. Kd4 Na4 52. Nb7+ Kc6 53. Nc5 Nxc5 54. bxc5 a5 55. e5 fxe5+ 56. fxe5 a4 1-0

[Event "Montreal Mercredi 10"]
[Site "Montreal"]
[Date "2012.10.03"]
[Round "1"]
[White "Lopez Linares, Cesar"]
[Black "O'Connor, Michael"]
[Result "1/2-1/2"]
[WhiteElo "1732"]
[BlackElo "1691"]
[PlyCount "46"]
[EventDate "2012.10.03"]
[EventType "swiss"]
[EventRounds "5"]
[EventCountry "CAN"]
[SourceTitle "EXT 2022"]
[Source "ChessBase"]
[SourceDate "2021.10.06"]
[SourceVersion "1"]
[SourceVersionDate "2021.10.06"]
[SourceQuality "1"]

1. d4 Nf6 2. c4 e6 3. Nc3 d5 4. Nf3 Be7 5. Bg5 c6 6. e3 Nbd7 7. Rc1 0-0 8. Bd3 dxc4 9. Bxc4 Nd5 10. Bxe7 Qxe7 11. 0-0 Nxc3 12. Rxc3 e5 13. dxe5 Nxe5 14. Nxe5 Qxe5 15. f4 Qe4 16. Qe2 Re8 17. Bd3 Qe7 18. e4 f6 19. e5 fxe5 20. Qe4 g6 21. fxe5 Bf5 22. Qc4+ Be6 23. Qd4 Bd5 1/2-1/2

[Event "Montreal Mercredi 08"]
[Site "Montreal"]
[Date "2012.09.05"]
[Round "2"]
[White "Lopez Linares, Cesar"]
[Black "Baran, Marius"]
[Result "1-0"]
[WhiteElo "1694"]
[BlackElo "1769"]
[PlyCount "121"]
[EventDate "2012.08.29"]
[EventType "swiss"]
[EventRounds "5"]
[EventCountry "CAN"]
[SourceTitle "EXT 2022"]
[Source "ChessBase"]
[SourceDate "2021.10.06"]
[SourceVersion "1"]
[SourceVersionDate "2021.10.06"]
[SourceQuality "1"]

1. d4 d5 2. c4 e6 3. Nc3 Nf6 4. Bg5 Be7 5. e3 0-0 6. Nf3 Nbd7 7. Rc1 c6 8. Bd3 dxc4 9. Bxc4 Nd5 10. Bxe7 Qxe7 11. 0-0 Nxc3 12. Rxc3 e5 13. Nxe5 Nxe5 14. dxe5 Qxe5 15. f4 Qe4 16. Qe2 Rd8 17. Bd3 Bg4 18. Bxe4 Bxe2 19. Re1 Bh5 20. h3 f6 21. g4 Bf7 22. Re2 Rd1+ 23. Kf2 Rad8 24. a3 Bd5 25. Bc2 Rh1 26. e4 Rh2+ 27. Kf1 Rxe2 28. Kxe2 Re8 29. Kf3 Bf7 30. Rd3 Kf8 31. f5 Ke7 32. h4 Rd8 33. Rxd8 Kxd8 34. Kf4 h6 35. e5 fxe5+ 36. Kxe5 Ke7 37. Be4 Bb3 38. Bf3 Bc4 39. g5 hxg5 40. hxg5 Bb3 41. f6+ gxf6+ 42. gxf6+ Kf8 43. Bh5 c5 44. Kd6 c4 45. Kc7 b5 46. Kc6 Ba4 47. Kc5 a5 48. Bg6 b4 49. axb4 axb4 50. Kxc4 b3 51. f7 Ke7 52. Kb4 Bd7 53. Kxb3 Be6+ 54. Ka4 Bd5 55. Ka5 Bb3 56. Kb6 Kf8 57. Kc5 Bd1 58. b4 Kg7 59. b5 Bf3 60. b6 Bb7 61. Kd6 1-0